QUEST Central Library Banner

The jack-up drilling platform / (Record no. 14156)

MARC details
000 -LEADER
fixed length control field 00510nam a2200157 a 4500
020 ## - INTERNATIONAL STANDARD BOOK NUMBER
ISBN 0872014150 (hardcover)
020 ## - INTERNATIONAL STANDARD BOOK NUMBER
ISBN 9780872014152 (hardcover)
245 14 - TITLE STATEMENT
Title The jack-up drilling platform /
260 ## - PUBLICATION, DISTRIBUTION, ETC. (IMPRINT)
Place of publication [S.l.] :
Name of publisher Gulf Publishing Co,
Year of publication 1986.
300 ## - PHYSICAL DESCRIPTION
Number of Pages 366 p.
700 1# - ADDED ENTRY--PERSONAL NAME
Personal name Boswell, L. F.
856 40 - ELECTRONIC LOCATION AND ACCESS
Uniform Resource Identifier http://www.amazon.com/exec/obidos/ASIN/0872014150/chopaconline-20
Holdings
Withdrawn status Lost status Home library Current library Date acquired Cost, normal purchase price Full call number Accession Number Koha item type
    Central Library, QUEST, Nawabshah Central Library, QUEST, Nawabshah 17/09/2015 0.00 627.98BOS 12024 Books
    Central Library, QUEST, Nawabshah Central Library, QUEST, Nawabshah 17/09/2015 0.00 627.98BOS 12025 Books

Copyright © 2018,The QUEST, Nawabshah, Shaheed Benazirabad. All rights reserved
Mr. G. Farooq Channar (Librarian) QUEST, Nawabshah, Sindh, Pakistan 67480.
 Ph#: |   0244-9370381-4 Ext. 2308   Email| lib@quest.edu.pk   Web|  http://www.quest.edu.pk